000 00408nam a2200169Ia 4500
005 20240823010559.0
008 240823s9999||||xx |||||||||||||| ||und||
082 _A658.3 P0
100 _aRudrabasavaraj M N
245 0 _aHuman factor in Management
250 _a1st
260 _c2000
_b"Himalaya,Mumbai"
500 _aYES
650 _aManagement
_bManagement Studies
942 _cBK
999 _c159036
_d159036